[Event "Alberta-ch U14"]
[White "Saheb, Arya"]
[Black "Koneru, Nimai"]
[Site "Edmonton"]
[Round "2.2"]
[Result "0-1"]
[Date "2015.02.21"]
[WhiteElo "1667"]
[BlackElo "1583"]
[PlyCount "52"]
[EventDate "2015.02.21"]
[EventType "swiss"]
[EventRounds "5"]
[EventCountry "CAN"]
[SourceTitle "EXT 2022"]
[Source "ChessBase"]
[SourceDate "2021.10.06"]
[SourceVersion "1"]
[SourceVersionDate "2021.10.06"]
[SourceQuality "1"]

1. d4 d5 2. c4 e6 3. Nc3 c6 4. Bf4 Nf6 5. f3 Bd6 6. Bg3 Bxg3+ 7. hxg3 Nbd7 8. c5 b6 9. b4 a5 10. Qa4 Qc7 11. f4 Bb7 12. Nf3 axb4 13. Qxb4 bxc5 14. dxc5 0-0 15. e4 dxe4 16. Nxe4 Qa5 17. Qxa5 Rxa5 18. Rb1 Nxe4 19. Rxb7 Ndxc5 20. Rb6 Rxa2 21. Rh3 Ra1+ 22. Ke2 Nc3+ 23. Kf2 N5e4+ 24. Kg1 Ne2+ 25. Kh2 Rxf1 26. Rxc6 Nf2 0-1

[Event "Alberta-ch U14"]
[White "Wu, Chenxi"]
[Black "Saheb, Arya"]
[Site "Edmonton"]
[Round "3.2"]
[Result "1-0"]
[Date "2015.02.21"]
[WhiteElo "1663"]
[BlackElo "1667"]
[PlyCount "71"]
[EventDate "2015.02.21"]
[EventType "swiss"]
[EventRounds "5"]
[EventCountry "CAN"]
[SourceTitle "EXT 2022"]
[Source "ChessBase"]
[SourceDate "2021.10.06"]
[SourceVersion "1"]
[SourceVersionDate "2021.10.06"]
[SourceQuality "1"]

1. e4 c5 2. Nf3 Nc6 3. d4 cxd4 4. Nxd4 Nf6 5. Nc3 a6 6. g3 d6 7. Bg2 e6 8. 0-0 Qb6 9. Nde2 Be7 10. h3 0-0 11. g4 h6 12. Ng3 Rd8 13. Na4 Qb4 14. c3 Qa5 15. Be3 Nd7 16. b4 Qe5 17. f4 Qf6 18. Nh5 Qg6 19. f5 exf5 20. exf5 Qh7 21. Be4 Nf6 22. Nxf6+ Bxf6 23. Nb6 Rb8 24. Nd5 Re8 25. Nxf6+ gxf6 26. Bxc6 bxc6 27. Qxd6 Bb7 28. Bd4 h5 29. Qxf6 hxg4 30. Qg5+ Kf8 31. Bc5+ Re7 32. Qxe7+ Kg8 33. Qg5+ Qg7 34. Qxg4 Qxg4+ 35. hxg4 f6 36. Rad1 1-0